Movies Quiz

Random Movies or Quick Pick Quiz

Quick Pick: Michael Haneke Movies Quiz Stats

 Plays Quiz not verified by Sporcle

Challenge
Share
Tweet
Embed
Score 0/8 Timer 00:30
0 Plays Today
% Correct
Piano
93.7%
Funny
86.5%
Continent
82.9%
Ribbon
82%
Wolf
79.3%
Code
73%
Video
64%
Chance
63.1%

You're not logged in!

Compare scores with friends on all Sporcle quizzes.
Join for Free
OR
Log In

You Might Also Like...

Show Comments

Extras

Top Quizzes Today


Score Distribution

Your Account Isn't Verified!

In order to create a playlist on Sporcle, you need to verify the email address you used during registration. Go to your Sporcle Settings to finish the process.

Report this User

Report this user for behavior that violates our Community Guidelines.

Details: